Upside Down Flags #5 - Statistics

General Stats
  • This quiz has been taken 37 times
  • The average score is 19 of 20
Answer Stats
Picture Answer % Correct
Albania
100%
Qatar
100%
Slovakia
100%
South Korea
100%
Bosnia and Herzegovina
96%
Laos
96%
Paraguay
96%
Zimbabwe
96%
Antigua and Barbuda
92%
Bulgaria
92%
El Salvador
92%
Israel
92%
Kiribati
92%
Myanmar
92%
Nauru
92%
Philippines
92%
San Marino
92%
Costa Rica
88%
Democratic Republic of the Congo
88%
Benin
84%
No matching quizzes found
Score Distribution
Percent of People with Each Score
Percentile by Number Answered
Your Score History
You have not taken this quiz